| 000 | 00782nam a22002177a 4500 | ||
|---|---|---|---|
| 999 |
_c12656 _d12656 |
||
| 003 | AR-CdUCM | ||
| 008 | 190409b ||||| |||| 00| 0 spa d | ||
| 040 |
_aMUNICIPALIDAD PROVINCIAL DEL CUSCO _cBIBLIOTECA MUNICIPAL DEL CUSCO |
||
| 082 |
_a987.041 / _bV39 |
||
| 100 |
_aVelazco Aragón, Luis _930611 |
||
| 245 | _aEl Bolívar andino / | ||
| 260 |
_aLima : _bTalls. de José Moreno del Solar, _c1973. |
||
| 300 |
_a211 páginas ; _c22.5 cm. |
||
| 505 | _aContenido: El Bolivar andino -- El escenario y su influencia -- El genio andino -- El tronco familiar -- Partida a Europa -- El retorno ... | ||
| 650 |
_aLibertadores _912898 |
||
| 650 |
_aBiografía _922 |
||
| 650 |
_aAmérica Latina _91130 |
||
| 650 |
_aHistoria _9136 |
||
| 942 |
_2ddc _cLIBROS |
||
| 945 |
_aacv _d2019-04-09 |
||